[Event "V C.to Unione Europea"]
[Site "Arvier ITA"]
[Date "2010.09.06"]
[Round "3"]
[White "Vozza, Nicola"]
[Black "Valenti, Giuseppe"]
[Result "1/2-1/2"]
[WhiteElo "1911"]
[BlackElo "2162"]
[PlyCount "111"]
[EventDate "2010.09.04"]

1. d4 e6 2. c4 Nf6 3. Nc3 c5 4. d5 exd5 5. cxd5 d6 6. e4 g6 7. Bd3 Bg7 8. Nge2
O-O 9. O-O Re8 10. Bg5 a6 11. a4 Qc7 12. h3 c4 13. Bc2 Nbd7 14. Ng3 Rb8 15. f4
h6 16. Bxf6 Nxf6 17. Qf3 b5 18. axb5 axb5 19. e5 dxe5 20. f5 g5 21. Nh5 Bb7 22.
Nxf6+ Bxf6 23. Ne4 Qb6+ 24. Kh1 Kg7 25. Nxf6 Qxf6 26. Be4 Ra8 27. Rxa8 Rxa8 28.
d6 Bxe4 29. Qxe4 Rd8 30. Qd5 Rxd6 31. Qxb5 Rd4 32. Re1 e4 33. Qc5 h5 34. Kg1 h4
35. Kh2 Kh7 36. Kg1 Kg7 37. Kh2 g4 38. hxg4 h3 39. Re3 hxg2 40. Kxg2 Rd2+ 41.
Kg3 Qxb2 42. Rxe4 Rd3+ 43. Re3 Rxe3+ 44. Qxe3 Qb3 45. Kf4 Qxe3+ 46. Kxe3 f6 47.
Kd4 Kh6 48. Kxc4 Kg5 49. Kd3 Kxg4 50. Ke3 Kxf5 51. Kf3 Ke5 52. Ke3 f5 53. Kf3
f4 54. Kf2 Ke4 55. Ke2 f3+ 56. Kf2 1/2-1/2

[Event "V C.to Unione Europea"]
[Site "Arvier ITA"]
[Date "2010.09.06"]
[Round "3"]
[White "Yeuillaz, Corrado"]
[Black "Llanes Hurtado, Miguel"]
[Result "1/2-1/2"]
[WhiteElo "2227"]
[BlackElo "2474"]
[PlyCount "84"]
[EventDate "2010.09.04"]

1. e4 c5 2. Nf3 Nc6 3. d4 cxd4 4. Nxd4 g6 5. Be3 Nf6 6. Nc3 Bg7 7. Be2 O-O 8.
O-O d5 9. exd5 Nb4 10. Qd2 Nbxd5 11. Nxd5 Nxd5 12. Bh6 e5 13. Bxg7 Kxg7 14. Nf3
Nf4 15. Qe3 Nxe2+ 16. Qxe2 f6 17. Rfd1 Qc7 18. h3 Bd7 19. c4 Rad8 20. Qe3 b6
21. Rac1 Be6 22. b3 Bf7 23. Nh2 h5 24. Nf1 Rd7 25. Rxd7 Qxd7 26. Rc2 Rd8 27.
Rd2 Qc7 28. Qc3 Rxd2 29. Qxd2 Be6 30. Ne3 Qd7 31. Qb4 Kf7 32. a4 Qc7 33. Qd2
Qd7 34. Qe1 a6 35. Qc3 Qd4 36. Qc2 Qa1+ 37. Nf1 Bf5 38. Qd2 Qb1 39. Qd5+ Kg7
40. Qd8 Be6 41. Qxb6 Bxc4 42. Qc7+ Bf7 1/2-1/2

[Event "V C.to Unione Europea"]
[Site "Arvier ITA"]
[Date "2010.09.07"]
[Round "4"]
[White "Batoni, Fabrizio"]
[Black "Bisi, Riccardo"]
[Result "1-0"]
[WhiteElo "1910"]
[BlackElo "1587"]
[PlyCount "50"]
[EventDate "2010.09.04"]

1. e4 e5 2. Nf3 Nc6 3. d4 exd4 4. Bc4 Bc5 5. c3 dxc3 6. Nxc3 Nf6 7. O-O O-O 8.
e5 Ng4 9. Bf4 Re8 10. Qd5 Qe7 11. Rae1 Nxf2 12. Rxf2 Bxf2+ 13. Kxf2 a6 14. Qe4
h6 15. Bd3 Qe6 16. Nd5 Qg6 17. Qxg6 fxg6 18. Nxc7 Rf8 19. Nxa8 Rxf4 20. Nb6 g5
21. Nxc8 g4 22. Kg3 Rf8 23. Bc4+ Kh8 24. Kxg4 Rxc8 25. Rd1 Rd8 1-0

[Event "V C.to Unione Europea"]
[Site "Arvier ITA"]
[Date "2010.09.07"]
[Round "4"]
[White "Bisi, Samuele"]
[Black "Lisandri, Luigi"]
[Result "1-0"]
[WhiteElo "1829"]
[BlackElo "1463"]
[PlyCount "59"]
[EventDate "2010.09.04"]

1. d4 Nf6 2. c4 b6 3. Nc3 Bb7 4. d5 d6 5. e4 Nbd7 6. g3 g6 7. Bg2 Bg7 8. Be3
Rb8 9. Nf3 Ng4 10. Bd4 Nge5 11. Nxe5 dxe5 12. Be3 O-O 13. Qd2 Nf6 14. Bh6 Kh8
15. h4 Ng8 16. Bxg7+ Kxg7 17. h5 Kh8 18. Qg5 Qd6 19. hxg6 Qxg6 20. Qxe5+ Nf6
21. O-O-O Ba6 22. b3 Rbc8 23. Rh4 Kg8 24. Bf3 Nd7 25. Qf4 Qf6 26. Qe3 Ne5 27.
Rf4 Qh6 28. Rh1 Qg7 29. Be2 Nd7 30. Rg4 1-0

[Event "V C.to Unione Europea"]
[Site "Arvier ITA"]
[Date "2010.09.07"]
[Round "4"]
[White "Brunello, Marina"]
[Black "Cafolla, Peter"]
[Result "1-0"]
[WhiteElo "2212"]
[BlackElo "2088"]
[PlyCount "47"]
[EventDate "2010.09.04"]

1. e4 e5 2. Nf3 Nc6 3. d4 exd4 4. Nxd4 Bc5 5. Be3 Qf6 6. c3 Nge7 7. Bc4 Ne5 8.
Be2 d5 9. Nd2 Qg6 10. O-O Bh3 11. Bf3 c6 12. Nf5 Nxf3+ 13. Qxf3 Bg4 14. Qf4
Bxf5 15. Bxc5 dxe4 16. Nc4 Nc8 17. Rfd1 Qf6 18. Qc7 b6 19. Bd4 Qe7 20. Qxc6+
Bd7 21. Qxa8 O-O 22. Qb7 Qe6 23. Ne5 Bb5 24. c4 1-0

[Event "V C.to Unione Europea"]
[Site "Arvier ITA"]
[Date "2010.09.07"]
[Round "4"]
[White "Calzetta Ruiz, Monica"]
[Black "Grant, Jonathan I.M."]
[Result "1-0"]
[WhiteElo "2280"]
[BlackElo "2210"]
[PlyCount "123"]
[EventDate "2010.09.04"]

1. e4 c6 2. d4 d5 3. Nc3 dxe4 4. Nxe4 Bf5 5. Ng3 Bg6 6. h4 h6 7. Nf3 Nd7 8. h5
Bh7 9. Bd3 Bxd3 10. Qxd3 e6 11. Bf4 Ngf6 12. O-O-O Be7 13. Kb1 Qa5 14. Ne4 Nxe4
15. Qxe4 Nf6 16. Qe2 Qb5 17. Qxb5 cxb5 18. Ne5 O-O 19. g4 Rfd8 20. f3 Rac8 21.
c3 Nd5 22. Bc1 Bd6 23. f4 f6 24. Ng6 b4 25. cxb4 Bxb4 26. g5 Kh7 27. Rh3 Bd6
28. Re1 Re8 29. gxh6 gxh6 30. a3 f5 31. Bd2 b6 32. Ka2 Kg7 33. Kb3 Nf6 34. Rg1
Kf7 35. Bb4 Bb8 36. Ne5+ Bxe5 37. dxe5 Rg8 38. Rxg8 Nxg8 39. Rd3 Rc7 40. Rd8
Ne7 41. Bd6 Rb7 42. Bxe7 Rxe7 43. Kb4 Rc7 44. Kb5 Rc5+ 45. Ka6 Ra5+ 46. Kb7 Rd5
47. Rh8 Kg7 48. Ra8 Rd4 49. Rxa7 Rxf4 50. Kc6+ Kg8 51. Kd6 Rc4 52. Kxe6 f4 53.
Rd7 Rc2 54. Rd4 f3 55. Rg4+ Kh7 56. Rf4 f2 57. b4 Kg7 58. Kd6 Rd2+ 59. Kc6 Ra2
60. Kxb6 Rxa3 61. Rxf2 Re3 62. Rf5 1-0

[Event "V C.to Unione Europea"]
[Site "Arvier ITA"]
[Date "2010.09.07"]
[Round "4"]
[White "Caprio, Guido"]
[Black "Melone, Antonio"]
[Result "1-0"]
[WhiteElo "2265"]
[BlackElo "2016"]
[PlyCount "50"]
[EventDate "2010.09.04"]

1. d4 Nf6 2. c4 c5 3. d5 e6 4. Nc3 exd5 5. cxd5 d6 6. e4 g6 7. f4 Bg7 8. Bb5+
Nfd7 9. Nf3 a6 10. Bd3 b5 11. a3 O-O 12. O-O Bb7 13. Kh1 Re8 14. f5 Ne5 15. Bg5
Qc7 16. f6 Bh8 17. Nxe5 Rxe5 18. Qg4 Nd7 19. Rf3 c4 20. Be2 Rae8 21. Qh4 h5 22.
Raf1 Nf8 23. Rg3 Bxd5 24. Nxd5 Rxd5 25. Bxh5 Rxe4 1-0

[Event "V C.to Unione Europea"]
[Site "Arvier ITA"]
[Date "2010.09.07"]
[Round "4"]
[White "Cattaneo, Roger"]
[Black "Brunello, Roberta"]
[Result "1-0"]
[WhiteElo "1748"]
[BlackElo "2066"]
[PlyCount "63"]
[EventDate "2010.09.04"]

1. e4 e5 2. Nc3 Nc6 3. Nf3 Nf6 4. d4 exd4 5. Nxd4 Bb4 6. Nxc6 bxc6 7. Bd2 Qe7
8. Qe2 O-O 9. e5 Bxc3 10. Bxc3 Nd5 11. Bd2 Re8 12. O-O-O Rb8 13. f4 d6 14. Re1
Bd7 15. Qf2 dxe5 16. Rxe5 Qd6 17. Rxe8+ Rxe8 18. Bd3 Nb4 19. Bxb4 Qxb4 20. Qd2
Qa4 21. a3 c5 22. c4 Be6 23. Qc2 Qxc2+ 24. Kxc2 a5 25. Re1 f6 26. g3 Kf7 27.
Kd2 Rd8 28. Kc3 g6 29. Rd1 Bg4 30. Bxg6+ Ke7 31. Rxd8 Kxd8 32. Bxh7 1-0

[Event "V C.to Unione Europea"]
[Site "Arvier ITA"]
[Date "2010.09.07"]
[Round "4"]
[White "Dritsakos, Alessio"]
[Black "De Leeuw, Johannes"]
[Result "0-1"]
[WhiteElo "1971"]
[BlackElo "1882"]
[PlyCount "136"]
[EventDate "2010.09.04"]

1. e4 e5 2. Nf3 Nc6 3. Bb5 a6 4. Ba4 Be7 5. O-O b5 6. Bb3 Nf6 7. Re1 d6 8. h3
O-O 9. c3 Na5 10. Bc2 c5 11. d4 Nc6 12. d5 Nb8 13. Nbd2 Nbd7 14. Nf1 Nb6 15. b3
Bb7 16. Ne3 g6 17. Ng4 Nxg4 18. hxg4 Bf6 19. Bh6 Bg7 20. Qd2 Bc8 21. Nh2 Bxh6
22. Qxh6 Qf6 23. Re3 Qg7 24. Qh4 f6 25. Rae1 g5 26. Qh3 Bd7 27. Nf1 Qg6 28. Bd1
c4 29. Ng3 a5 30. Nf5 Bxf5 31. gxf5 Qg7 32. Be2 Rfc8 33. Rb1 Rab8 34. Qg3 Qc7
35. b4 axb4 36. cxb4 Ra8 37. Ra3 Rxa3 38. Qxa3 Ra8 39. Qb2 Qa7 40. Ra1 Qa3 41.
Qxa3 Rxa3 42. Bd1 Kf8 43. Kf1 Ke7 44. Ke1 Nd7 45. Kd2 Nb6 46. Kc1 Na4 47. Bxa4
Rxa4 48. a3 h5 49. Kb2 Ra8 50. f3 Kd7 51. a4 Rxa4 52. Rh1 Rxb4+ 53. Kc2 h4 54.
g3 hxg3 55. Rg1 Rb3 56. Rxg3 Kc7 57. Rh3 Kb6 58. Rh6 Rxf3 59. Rxf6 Kc5 60. Rg6
b4 61. Rxg5 Rf2+ 62. Kd1 b3 63. Kc1 c3 64. Rg1 Ra2 65. Kb1 c2+ 66. Kc1 Ra1+ 67.
Kb2 Rxg1 68. Kxb3 c1=Q 0-1

[Event "V C.to Unione Europea"]
[Site "Arvier ITA"]
[Date "2010.09.07"]
[Round "4"]
[White "Jaracz, Pawel"]
[Black "Ortega, Lexy"]
[Result "1/2-1/2"]
[WhiteElo "2543"]
[BlackElo "2473"]
[PlyCount "44"]
[EventDate "2010.09.04"]

1. d4 d5 2. c4 c6 3. Nf3 Nf6 4. e3 Bf5 5. Nc3 e6 6. Nh4 Be4 7. f3 Bg6 8. Qb3
Qc7 9. g4 Be7 10. g5 dxc4 11. Qxc4 Nd5 12. Nxg6 hxg6 13. f4 Nd7 14. Bd2 Rc8 15.
Nxd5 cxd5 16. Qxc7 Rxc7 17. Bd3 Bd6 18. h4 Nb8 19. Ke2 Nc6 20. Rac1 Ne7 21.
Rxc7 Bxc7 22. Rc1 Kd8 1/2-1/2

[Event "V C.to Unione Europea"]
[Site "Arvier ITA"]
[Date "2010.09.07"]
[Round "4"]
[White "Moncelli, Giorgio"]
[Black "Vozza, Nicola"]
[Result "1-0"]
[WhiteElo "2089"]
[BlackElo "1911"]
[PlyCount "91"]
[EventDate "2010.09.04"]

1. d4 f5 2. c4 Nf6 3. Nc3 e6 4. Nf3 Bb4 5. e3 b6 6. Be2 Bb7 7. Bd2 Bxc3 8. Bxc3
O-O 9. O-O Ne4 10. Rc1 d6 11. d5 e5 12. Nd2 Nxd2 13. Qxd2 Nd7 14. f4 a5 15. Rf3
Qe7 16. Qc2 g6 17. Re1 Nc5 18. b3 c6 19. Rd1 cxd5 20. cxd5 exf4 21. exf4 Qe4
22. Qb2 a4 23. Bb5 axb3 24. axb3 Qe7 25. Re1 Ne4 26. Rd3 Qf7 27. Bb4 Qg7 28.
Qxg7+ Kxg7 29. Bc6 Rf7 30. Rc1 Rc7 31. Bc3+ Kg8 32. Bd4 Nc5 33. Bxb7 Rxb7 34.
Re3 Ra3 35. b4 Rxe3 36. Bxe3 Ne4 37. Rc6 b5 38. Rc8+ Kg7 39. Bd4+ Kh6 40. Kf1
Kh5 41. Ke2 Kg4 42. Ke3 Re7 43. Kd3 Kxf4 44. Rb8 Rc7 45. Rxb5 Rc1 46. Be3+ 1-0

[Event "V C.to Unione Europea"]
[Site "Arvier ITA"]
[Date "2010.09.07"]
[Round "4"]
[White "Montani, Riccardo"]
[Black "Bonino, Silvano"]
[Result "1-0"]
[WhiteElo "1893"]
[BlackElo "1428"]
[PlyCount "69"]
[EventDate "2010.09.04"]

1. e4 c6 2. c4 d5 3. cxd5 cxd5 4. exd5 Nf6 5. Nc3 Nxd5 6. Nf3 Nxc3 7. bxc3 Nc6
8. d4 e6 9. Bd3 Bd6 10. Qe2 O-O 11. Qe4 f5 12. Qe2 h6 13. g4 Qc7 14. Bd2 Bf4
15. gxf5 Bxd2+ 16. Qxd2 exf5 17. Bc4+ Kh8 18. O-O-O Re8 19. Rhg1 Be6 20. Bb5
Rad8 21. Rg3 Rd5 22. Bc4 Ra5 23. Bxe6 Rxe6 24. d5 Rd6 25. Qf4 Ne7 26. Ne5 Kh7
27. Nc4 Ng6 28. Qxd6 Qxd6 29. Nxd6 Rxa2 30. Rdg1 Ra1+ 31. Kb2 Rxg1 32. Rxg1 Ne7
33. c4 b5 34. Nxb5 a6 35. Nc7 1-0

[Event "V C.to Unione Europea"]
[Site "Arvier ITA"]
[Date "2010.09.07"]
[Round "4"]
[White "Pierantoni, Mauro"]
[Black "Bogatto, Mario"]
[Result "1-0"]
[WhiteElo "1866"]
[BlackElo "1455"]
[PlyCount "87"]
[EventDate "2010.09.04"]

1. b4 e6 2. Bb2 Nf6 3. b5 d5 4. e3 c6 5. a4 a6 6. c4 Bd7 7. Nc3 Qc7 8. Nf3 Be7
9. Rc1 O-O 10. Qb3 axb5 11. axb5 dxc4 12. Bxc4 b6 13. bxc6 Nxc6 14. Nb5 Qb8 15.
Bd3 Rc8 16. Bc3 Na5 17. Qb1 Bxb5 18. Qxb5 Rc5 19. Qb1 Rd5 20. Bxf6 Bxf6 21.
Bxh7+ Kh8 22. Be4 Qd6 23. O-O Rd8 24. Bxd5 exd5 25. d4 Nc4 26. Qa2 Re8 27. Nd2
b5 28. Nxc4 bxc4 29. Rc3 Qe6 30. Rb1 g6 31. h3 Kg7 32. Ra3 Rh8 33. Ra6 Qf5 34.
Rb7 Qd3 35. Qb1 Qd2 36. Ra2 Qc3 37. Qc2 Qe1+ 38. Kh2 Bh4 39. Rb1 Qxf2 40. Qxf2
Bxf2 41. Rxf2 Re8 42. Re2 f5 43. Rb5 f4 44. Rxd5 1-0

[Event "V C.to Unione Europea"]
[Site "Arvier ITA"]
[Date "2010.09.07"]
[Round "4"]
[White "Renzini, Lorenzo"]
[Black "Ricci, Marco"]
[Result "0-1"]
[WhiteElo "1751"]
[BlackElo "2081"]
[PlyCount "54"]
[EventDate "2010.09.04"]

1. c4 e5 2. Nc3 Nf6 3. g3 d5 4. cxd5 Nxd5 5. Bg2 Nb6 6. d3 Be7 7. Nf3 Nc6 8.
O-O O-O 9. b3 Be6 10. Bb2 f5 11. Rc1 Bf6 12. Nb5 a6 13. Na3 Rb8 14. Nc4 Nxc4
15. bxc4 Nd4 16. e3 Nxf3+ 17. Bxf3 c5 18. Rb1 Qd6 19. Qc2 Rfd8 20. Be2 b5 21.
cxb5 axb5 22. Rfd1 Bxa2 23. Bxe5 Bxb1 24. Qb3+ c4 25. Bxd6 cxb3 26. Bxb8 Bc2
27. Bc7 Rc8 0-1

[Event "V C.to Unione Europea"]
[Site "Arvier ITA"]
[Date "2010.09.07"]
[Round "4"]
[White "Ricci, Leonardo"]
[Black "Messina, Roberta"]
[Result "0-1"]
[WhiteElo "1398"]
[BlackElo "1890"]
[PlyCount "92"]
[EventDate "2010.09.04"]

1. e4 c5 2. Nf3 e6 3. Nc3 d6 4. d4 cxd4 5. Nxd4 a6 6. Be3 Nf6 7. Bd3 b5 8. f3
Bb7 9. O-O Nbd7 10. Bg5 h6 11. Bh4 Be7 12. Qe2 Rb8 13. a4 b4 14. Na2 Qa5 15.
Nc1 Nc5 16. Ncb3 Qb6 17. a5 Qa7 18. Bf2 Nxd3 19. Qxd3 Qa8 20. g4 Nd7 21. Bg3
Rc8 22. Rae1 Ne5 23. Qd2 O-O 24. Qxb4 Rc4 25. Qd2 Rfc8 26. f4 Nxg4 27. e5 Be4
28. Re2 dxe5 29. fxe5 Bg5 30. Bf4 Nxe5 31. Bxg5 hxg5 32. Qxg5 Nf3+ 33. Rxf3
Bxf3 34. Rf2 Be4 35. c3 Qd5 36. Qf4 e5 37. Qg4 exd4 38. Nd2 dxc3 39. Nxe4 Qxe4
40. bxc3 Qxg4+ 41. Rg2 Qxg2+ 42. Kxg2 Rxc3 43. Kf2 Rb8 44. Ke2 Rb2+ 45. Kd1
Rxh2 46. Ke1 Rc1# 0-1

[Event "V C.to Unione Europea"]
[Site "Arvier ITA"]
[Date "2010.09.07"]
[Round "4"]
[White "Schmid, Pablo"]
[Black "Delaney, John"]
[Result "0-1"]
[WhiteElo "2087"]
[BlackElo "2220"]
[PlyCount "72"]
[EventDate "2010.09.04"]

1. e4 c5 2. Nf3 Nc6 3. d4 cxd4 4. Nxd4 Nf6 5. Nc3 e5 6. Ndb5 d6 7. Bg5 a6 8.
Na3 b5 9. Bxf6 gxf6 10. Nd5 f5 11. Bd3 Be6 12. c3 Bg7 13. Nxb5 axb5 14. Bxb5
Bd7 15. exf5 Nb8 16. a4 Kf8 17. O-O Bxf5 18. Qf3 Bg6 19. Nf4 e4 20. Nxg6+ hxg6
21. Qxe4 d5 22. Rfd1 Rh5 23. Qb4+ Kg8 24. Re1 Bf8 25. Qg4 Qd6 26. Qg3 Qb6 27.
Qd3 Qc7 28. Qg3 Qb6 29. Qd3 Rf5 30. Re2 d4 31. Rae1 dxc3 32. Qxc3 Na6 33. Re3
Nc7 34. Rh3 Qxf2+ 35. Kh1 Bg7 36. Qb4 36... Nxb5 $138 0-1

[Event "V C.to Unione Europea"]
[Site "Arvier ITA"]
[Date "2010.09.07"]
[Round "4"]
[White "Tate, Alan"]
[Black "Gallucci, Alessio"]
[Result "1/2-1/2"]
[WhiteElo "2234"]
[BlackElo "2144"]
[PlyCount "123"]
[EventDate "2010.09.04"]

1. Nf3 Nf6 2. c4 c5 3. Nc3 Nc6 4. d4 cxd4 5. Nxd4 Nxd4 6. Qxd4 g6 7. e4 d6 8.
Be3 Bg7 9. f3 O-O 10. Qd2 Be6 11. Rc1 Nd7 12. b3 Nc5 13. Be2 a5 14. O-O Qd7 15.
Rfd1 Rfc8 16. Kh1 Qe8 17. Bf1 h5 18. Re1 Kh7 19. Nd5 Bxd5 20. exd5 Rc7 21. Bg5
Qf8 22. Re2 b6 23. Rce1 Raa7 24. Re3 e5 25. dxe6 Nxe6 26. Rxe6 fxe6 27. Rxe6
Qf5 28. Rxg6 Qb1 29. Qd3 Qxd3 30. Bxd3 Kg8 31. Bd8 Rcb7 32. Be4 Rb8 33. Rxd6 a4
34. b4 Bf8 35. Rg6+ Rg7 36. Rxg7+ Kxg7 37. Bc7 Rc8 38. Be5+ Kh6 39. Bf4+ Kg7
40. Be5+ Kh6 41. Bd5 Bxb4 42. h4 Be1 43. Bf6 Bg3 44. Kg1 b5 45. Bg5+ Kg7 46.
Kf1 bxc4 47. Ke2 Rc5 48. Be4 Rb5 49. Bc1 Bxh4 50. Kd1 Bf6 51. Kc2 h4 52. Bc6
Re5 53. Kd1 Ra5 54. Ba3 c3 55. Bc1 Ra6 56. Be4 Be5 57. Kc2 Rb6 58. Bf5 Rb7 59.
Bc8 Rc7 60. Bh3 Kf8 61. Bf5 Rg7 62. Bh3 {...} 1/2-1/2

[Event "V C.to Unione Europea"]
[Site "Arvier ITA"]
[Date "2010.09.07"]
[Round "4"]
[White "Valenti, Giuseppe"]
[Black "Frank, Albert"]
[Result "1-0"]
[WhiteElo "2162"]
[BlackElo "1923"]
[PlyCount "53"]
[EventDate "2010.09.04"]

1. e4 e5 2. Nf3 Nc6 3. Bb5 a6 4. Ba4 Nf6 5. O-O Be7 6. Re1 b5 7. Bb3 Bb7 8. d3
O-O 9. c3 d6 10. Nbd2 Na5 11. Bc2 g6 12. d4 Nc6 13. d5 Nb8 14. Nf1 Nh5 15. Bh6
Re8 16. Qd2 Bc8 17. h3 Nd7 18. g4 Ng7 19. Ng3 Nf8 20. Kh2 c5 21. Rg1 Bf6 22.
Rg2 Qd7 23. Rag1 Nh5 24. Nxh5 gxh5 25. gxh5+ Ng6 26. Rg3 Kh8 27. hxg6 1-0

[Event "V C.to Unione Europea"]
[Site "Arvier ITA"]
[Date "2010.09.08"]
[Round "5"]
[White "Agrest, Evgenij"]
[Black "Estremera Panos, Sergio"]
[Result "1/2-1/2"]
[WhiteElo "2585"]
[BlackElo "2337"]
[PlyCount "129"]
[EventDate "2010.09.04"]

1. d4 Nf6 2. c4 e6 3. Nf3 d5 4. Nc3 Bb4 5. cxd5 exd5 6. Bg5 c5 7. e3 Nbd7 8.
Bd3 Qa5 9. Qc2 c4 10. Bf5 O-O 11. O-O Re8 12. Nd2 g6 13. Bh3 Kg7 14. Rfd1 h6
15. Bh4 g5 16. Bxd7 Bxd7 17. Bg3 Bxc3 18. Qxc3 Qxc3 19. bxc3 Ne4 20. Nxe4 Rxe4
21. Rdb1 Bc6 22. a4 Rae8 23. Kf1 f6 24. Ke2 R4e6 25. Kd2 Kg6 26. Rb4 R8e7 27.
h3 Re8 28. h4 R8e7 29. Rbb1 Re8 30. Rh1 a5 31. Bc7 Rc8 32. Bxa5 Ra8 33. Bb4
Bxa4 34. hxg5 hxg5 35. f3 Rea6 36. e4 Bc6 37. Rxa6 Rxa6 38. Ke3 Ra8 39. e5 f5
40. g3 Bd7 41. Rh2 Be6 42. f4 g4 43. Be7 b5 44. Bg5 Ra6 45. Rh6+ Kg7 46. Kd2
Bc8 47. Rh5 Ra2+ 48. Kc1 b4 49. cxb4 Bd7 50. Bf6+ Kg6 51. Rg5+ Kh6 52. Rg7 Ba4
53. Rc7 Rc2+ 54. Kb1 c3 55. Bg7+ Kg6 56. Bf8 Bb3 57. Rg7+ Kh6 58. Ra7+ Kg6 59.
b5 Rb2+ 60. Ka1 Bc4 61. b6 Rd2 62. Rg7+ Kh6 63. Rc7+ Kg6 64. Rg7+ Kh6 65. Rc7+
1/2-1/2

[Event "V C.to Unione Europea"]
[Site "Arvier ITA"]
[Date "2010.09.08"]
[Round "5"]
[White "Baloire, Endy"]
[Black "Schmid, Pablo"]
[Result "1-0"]
[WhiteElo "1953"]
[BlackElo "2087"]
[PlyCount "93"]
[EventDate "2010.09.04"]

1. e4 c5 2. Nf3 g6 3. d4 cxd4 4. Nxd4 Nc6 5. Be3 Nf6 6. Nc3 Bg7 7. f3 O-O 8.
Qd2 d5 9. O-O-O Nxd4 10. Bxd4 dxe4 11. Nxe4 Nxe4 12. fxe4 Bxd4 13. Qxd4 Bg4 14.
Qxd8 Rfxd8 15. Rxd8+ Rxd8 16. Bd3 Rd4 17. h3 Bd7 18. Re1 Kg7 19. Kd2 e5 20. b3
Kf8 21. Rf1 Ke7 22. Ke3 Rd6 23. Rf2 Be6 24. g4 f6 25. Rd2 Rd8 26. c4 Rh8 27.
Be2 g5 28. Kf2 h5 29. gxh5 Bxh3 30. Kg3 Be6 31. Bg4 Bxg4 32. Kxg4 Ke6 33. c5
Rc8 34. b4 a5 35. a3 axb4 36. axb4 Rc7 37. Rd6+ Ke7 38. Kf5 Rc6 39. h6 Kf7 40.
Rd7+ Kg8 41. Rxb7 Kh8 42. Rb6 Rc8 43. Rxf6 Rg8 44. Kg4 Rb8 45. Rb6 Rf8 46. Kxg5
Rf4 47. Kg6 1-0

[Event "V C.to Unione Europea"]
[Site "Arvier ITA"]
[Date "2010.09.08"]
[Round "5"]
[White "Barletta, Mauro"]
[Black "Moncelli, Giorgio"]
[Result "1-0"]
[WhiteElo "2211"]
[BlackElo "2089"]
[PlyCount "69"]
[EventDate "2010.09.04"]

1. e4 Nf6 2. e5 Nd5 3. c4 Nb6 4. c5 Nd5 5. Nc3 e6 6. d4 d6 7. cxd6 cxd6 8. Nf3
Nc6 9. Bd3 Be7 10. O-O O-O 11. Qe2 b6 12. Qe4 g6 13. Bh6 Re8 14. Nxd5 exd5 15.
Qxd5 Nb4 16. Qxa8 Nxd3 17. Qe4 Ba6 18. Rfd1 Nxb2 19. Rd2 Nc4 20. Rc2 dxe5 21.
dxe5 Na3 22. Rd2 Qc7 23. Rad1 Bb7 24. Qf4 Qc4 25. Qxc4 Nxc4 26. Rd7 Bc6 27. Rc7
Bb5 28. Nd4 Ba4 29. Re1 Bc5 30. e6 Nd6 31. Rxa7 Bxd4 32. Rxa4 Nf5 33. exf7+
Kxf7 34. Ra7+ Re7 35. Raxe7+ 1-0

[Event "V C.to Unione Europea"]
[Site "Arvier ITA"]
[Date "2010.09.08"]
[Round "5"]
[White "Bisi, Riccardo"]
[Black "Dritsakos, Alessio"]
[Result "0-1"]
[WhiteElo "1587"]
[BlackElo "1971"]
[PlyCount "86"]
[EventDate "2010.09.04"]

1. e4 e5 2. Nf3 Nc6 3. Bc4 Nf6 4. d3 Be7 5. O-O d6 6. h3 Be6 7. Bxe6 fxe6 8.
Re1 O-O 9. Nc3 Nd4 10. Be3 Nxf3+ 11. Qxf3 d5 12. exd5 exd5 13. d4 e4 14. Qg3
Bd6 15. Qg5 Qd7 16. Nxd5 c6 17. Nxf6+ Rxf6 18. Qg4 Qxg4 19. hxg4 Raf8 20. Rf1
Rg6 21. f3 exf3 22. gxf3 h5 23. g5 Bf4 24. Bxf4 Rxf4 25. c3 Rxg5+ 26. Kf2 Rgf5
27. Ke3 g5 28. Rf2 g4 29. Raf1 g3 30. Rg2 h4 31. b3 Kf7 32. Rgg1 Kg6 33. Rg2
Kg5 34. Rgg1 Rf7 35. Rg2 R4f5 36. Rgg1 R5f6 37. Rg2 Re7+ 38. Kd3 Kf4 39. c4 b5
40. b4 Re3+ 41. Kd2 h3 42. Rgg1 g2 43. Rd1 Rfe6 0-1

[Event "V C.to Unione Europea"]
[Site "Arvier ITA"]
[Date "2010.09.08"]
[Round "5"]
[White "Bogatto, Mario"]
[Black "Ricci, Leonardo"]
[Result "1-0"]
[WhiteElo "1455"]
[BlackElo "1398"]
[PlyCount "120"]
[EventDate "2010.09.04"]

1. e4 e5 2. Nf3 Nc6 3. Bb5 a6 4. Bxc6 dxc6 5. O-O Bg4 6. d3 Bc5 7. h3 Bh5 8.
Nbd2 f6 9. Qe1 Ne7 10. Kh1 Qd6 11. Nh2 f5 12. Ndf3 O-O 13. Qc3 Bd4 14. Nxd4
Qxd4 15. Qxd4 exd4 16. exf5 Bf7 17. f6 gxf6 18. Bf4 Nd5 19. Bd2 Rae8 20. Rae1
Nb6 21. b3 Nc8 22. Ng4 Kg7 23. Bh6+ Kg6 24. Bxf8 Rxf8 25. f4 h5 26. Nf2 a5 27.
Ne4 b5 28. f5+ Kg7 29. Rf3 Re8 30. Rg3+ Kf8 31. h4 Nd6 32. Kg1 Re5 33. Kf2
Nxe4+ 34. dxe4 Rc5 35. Re2 a4 36. Rd3 axb3 37. axb3 Re5 38. Rxd4 c5 39. Rd7 c6
40. Rc7 Be8 41. Ke3 Kg8 42. Rd2 Kf8 43. Rd6 Re7 44. Rxf6+ Rf7 45. Rfxf7+ Bxf7
46. Rxc6 c4 47. bxc4 bxc4 48. c3 Ke7 49. e5 Bd5 50. Rc7+ Kd8 51. Rh7 Bxg2 52.
Rxh5 Bh3 53. Kf4 Ke7 54. Rh6 Bg2 55. Kg5 Bd5 56. f6+ Kf7 57. Rh7+ Kf8 58. Rg7
Bf7 59. h5 Bg8 60. h6 Bh7 1-0

[Event "V C.to Unione Europea"]
[Site "Arvier ITA"]
[Date "2010.09.08"]
[Round "5"]
[White "Bonino, Silvano"]
[Black "Renzini, Lorenzo"]
[Result "0-1"]
[WhiteElo "1428"]
[BlackElo "1751"]
[PlyCount "92"]
[EventDate "2010.09.04"]

1. d4 Nf6 2. Bf4 d6 3. e3 Nbd7 4. h3 b6 5. Nd2 Bb7 6. Ngf3 e6 7. Bd3 Be7 8. c4
c5 9. Bc2 g6 10. O-O d5 11. Ne5 dxc4 12. Ndxc4 Nd5 13. Bg3 O-O 14. Nxd7 Qxd7
15. Ne5 Qd8 16. Ba4 Rc8 17. Nd7 Re8 18. Nxb6 axb6 19. Bxe8 Qxe8 20. dxc5 Bxc5
21. Rc1 Qc6 22. Qf3 Nxe3 23. Qxc6 Bxc6 24. fxe3 Bxe3+ 25. Bf2 Bxc1 26. Rxc1 b5
27. b4 Kf8 28. Bc5+ Ke8 29. Rd1 Bd7 30. a3 Ra8 31. Rd3 Bc6 32. Rc3 Rd8 33. Kf2
Rd2+ 34. Kg3 Bd5 35. a4 Rxg2+ 36. Kh4 bxa4 37. Ra3 Bb3 38. b5 Kd7 39. Ba7 Ra2
40. Bc5 Kc7 41. Kg5 f5 42. Kh6 f4 43. Kxh7 f3 44. Kxg6 Rxa3 45. h4 Ra2 46. h5
Bc2+ 0-1

[Event "V C.to Unione Europea"]
[Site "Arvier ITA"]
[Date "2010.09.08"]
[Round "5"]
[White "Brunello, Marina"]
[Black "Suba, Mihai"]
[Result "0-1"]
[WhiteElo "2212"]
[BlackElo "2464"]
[PlyCount "70"]
[EventDate "2010.09.04"]

1. e4 c5 2. c3 d5 3. exd5 Qxd5 4. d4 Nf6 5. Nf3 e6 6. Be2 Nc6 7. O-O Be7 8. c4
Qd8 9. dxc5 O-O 10. Nc3 Bxc5 11. Bg5 h6 12. Bh4 b6 13. Qa4 Be7 14. Qc2 Bd7 15.
Rfd1 Qc8 16. a3 Rd8 17. b4 Be8 18. Rxd8 Bxd8 19. Rd1 Be7 20. Bg3 a5 21. b5 Nb8
22. Na4 Nfd7 23. Bd6 Bxd6 24. Rxd6 Qc7 25. Rd1 Ra7 26. Ne1 Kf8 27. Rd4 Nc5 28.
Nf3 Nbd7 29. Nc3 Ra8 30. Nh4 Nf6 31. f4 Ke7 32. f5 Qe5 33. Bf3 Rc8 34. fxe6
Kxe6 35. Ne2 g5 0-1

[Event "V C.to Unione Europea"]
[Site "Arvier ITA"]
[Date "2010.09.08"]
[Round "5"]
[White "Cafolla, Peter"]
[Black "Montani, Riccardo"]
[Result "1-0"]
[WhiteElo "2088"]
[BlackElo "1893"]
[PlyCount "57"]
[EventDate "2010.09.04"]

1. e4 c5 2. Nc3 Nc6 3. g3 g6 4. Bg2 Bg7 5. d3 d6 6. f4 Nf6 7. Nf3 Bg4 8. h3
Bxf3 9. Qxf3 Nd4 10. Qf2 Rb8 11. O-O O-O 12. Nd1 Nd7 13. c3 Nc6 14. Ne3 e6 15.
Bd2 Qc7 16. Qf3 Rfc8 17. g4 b5 18. Rac1 b4 19. Rc2 b3 20. axb3 Rxb3 21. f5 Rf8
22. g5 Be5 23. Ng4 Qb6 24. fxe6 fxe6 25. Qxf8+ Nxf8 26. Nh6+ Kg7 27. Rf7+ Kh8
28. Rxf8+ Kg7 29. Rg8# 1-0